La metà di tutto /

Guardat en:
Dades bibliogràfiques
Autor principal: Nirigua, Silvia (Autor)
Format: Llibre
Idioma:italià
Publicat: Pavia : Sartorio, 2008
Col·lecció:Cosmetici
Etiquetes: Afegir etiqueta
Sense etiquetes, Sigues el primer a etiquetar aquest registre!

MARC

LEADER 00000nam a22000007i 4500
001 IT\ICCU\TO0\1665210
003 ItRI
005 20260115232118.0
008 080621s2008 it |||||| ||||| |||||c
020 |a 9788860090348 
040 |b ita  |c importazione bologna sebina 
041 7 |a ita  |2 ISO-639-2 
100 1 |a Nirigua, Silvia  |0 IT\ICCU\UBOV\790172  |4 aut 
245 1 3 |a La metà di tutto /  |c Silvia Nirigua. 
260 |a Pavia :  |b Sartorio,  |c 2008 
300 |a 111 p. ;  |c 19 cm. 
830 0 |a Cosmetici  |0 IT\ICCU\TO0\1665211 
942 |2 ddc  |c BK  |n 0 
952 |0 0  |1 0  |4 0  |6 L_853_920000000000000_NIR  |7 0  |9 20252  |a BO  |b BO  |d 2026-01-15  |i 12116  |l 0  |o L 853.92 NIR  |p BO12116  |r 2026-01-15 23:21:18  |w 2026-01-15  |x [Sebina 5] [1 v.]  |y BK  |z 1 v. 
999 |c 17278  |d 17278